Fundamentos de fisiología vegetal
Salvato in:
| Autore principale: | |
|---|---|
| Altri autori: | |
| Natura: | Libro |
| Lingua: | spagnolo |
| Pubblicazione: |
Madrid, España.
McGraw Hill,
2008
|
| Edizione: | Segunda edición |
| Soggetti: | |
| Accesso online: | Disponible Online |
| Tags: |
Aggiungi Tag
Nessun Tag, puoi essere il primo ad aggiungerne!!
|
MARC
| LEADER | 00000cam a2200000 a 4500 | ||
|---|---|---|---|
| 001 | UCH0376 | ||
| 003 | CL-VaPUC | ||
| 005 | 20240809091106.0 | ||
| 008 | 090312e20080000SP |||||||||||||||||spa|d | ||
| 999 | |c 332707 |d 332705 | ||
| 020 | |a 9788448151683 | ||
| 040 | |c Pontificia Universidad Católica de Valparaíso | ||
| 082 | 0 | 4 | |a 581.1 AZC 2008 |2 21 |
| 100 | 0 | |a Azcón-Bieto, Joaquín |9 534537 | |
| 245 | 1 | 0 | |a Fundamentos de fisiología vegetal |
| 250 | |a Segunda edición | ||
| 260 | |a Madrid, España. |b McGraw Hill, |c 2008 | ||
| 300 | |a 651 páginas | ||
| 583 | |a last modification |c 20190412 09:09:42 |k Rodrigo Vera | ||
| 650 | 0 | |a Fisiología Vegetal |9 260158 |x Plantas |y Desarrollo Vegetal | |
| 650 | 0 | |a Plantas |9 259434 |x Nutrición | |
| 650 | 0 | |a Plantas |9 261610 |x Fotosíntesis | |
| 700 | 0 | |a Talón, Manuel |9 534538 | |
| 856 | |u http://bibliografiadigital.pucv.cl.pucv.idm.oclc.org/index.php/bibliotecapucv/catalog/book/861 |y Disponible Online | ||
| 942 | |c BK |2 ddc | ||
| 945 | |d 20090312 00:00:00 |a rbrito | ||
| 952 | |0 0 |1 0 |2 ddc |4 0 |6 581_100000000000000_AZC_2008 |7 0 |8 A |9 420582 |a BIBCUR |b BIBCUR |d 2019-11-22 |i 4524438 |l 3 |m 1 |o 581.1 AZC 2008 |p 4524438 |r 2025-04-22 |s 2024-09-12 |t 2 |w 2019-11-22 |y BK |k BIO | ||
| 952 | |0 0 |1 0 |2 ddc |4 0 |6 581_100000000000000_AZC_2008 |7 0 |8 A |9 420583 |a BIBCUR |b BIBCUR |d 2019-11-22 |i 4524446 |l 1 |o 581.1 AZC 2008 |p 4524446 |r 2025-04-22 |s 2022-03-31 |t 3 |w 2019-11-22 |y BK |k BIO | ||
| 952 | |0 0 |1 0 |2 ddc |4 0 |6 581_100000000000000_AZC_2008 |7 0 |8 A |9 420584 |a BIBCUR |b BIBCUR |d 2019-11-22 |i 4559142 |l 6 |o 581.1 AZC 2008 |p 4559142 |r 2025-04-22 |s 2024-11-25 |t 4 |w 2019-11-22 |y BK |k BIO | ||
| 952 | |0 0 |1 0 |2 ddc |4 0 |6 581_100000000000000_AZC_2008 |7 0 |8 A |9 420585 |a BIBCUR |b BIBCUR |d 2019-11-22 |i 4559150 |l 3 |m 2 |o 581.1 AZC 2008 |p 4559150 |r 2025-04-22 |s 2023-04-24 |t 5 |w 2019-11-22 |y BK |k BIO | ||
| 952 | |0 0 |1 0 |2 ddc |4 0 |6 581_100000000000000_AZC_2008 |7 0 |8 A |9 420586 |a BIBCUR |b BIBCUR |d 2019-11-22 |i 4559169 |o 581.1 AZC 2008 |p 4559169 |r 2025-04-22 |t 6 |w 2019-11-22 |y BK |k BIO | ||
| 952 | |0 0 |1 0 |2 ddc |4 0 |6 581_100000000000000_AZC_2008 |7 0 |8 A |9 420587 |a BIBCUR |b BIBCUR |d 2019-11-22 |i 4559177 |o 581.1 AZC 2008 |p 4559177 |r 2025-04-22 |t 7 |w 2019-11-22 |y BK |k BIO | ||
| 952 | |0 0 |1 0 |2 ddc |4 0 |6 581_100000000000000_AZC_2008 |7 0 |8 A |9 420588 |a BIBCUR |b BIBCUR |d 2019-11-22 |i 4559185 |o 581.1 AZC 2008 |p 4559185 |r 2025-04-22 |t 8 |w 2019-11-22 |y BK |k BIO | ||
| 952 | |0 0 |1 0 |2 ddc |4 0 |6 581_100000000000000_AZC_2008 |7 0 |8 A |9 420589 |a BIBAGR |b BIBAGR |d 2019-11-22 |i 4560337 |o 581.1 AZC 2008 |p 4560337 |r 2025-01-20 |t 10 |w 2019-11-22 |y BK |k AGR | ||
| 952 | |0 0 |1 0 |2 ddc |4 0 |6 581_100000000000000_AZC_2008 |7 0 |8 A |9 420590 |a BIBAGR |b BIBAGR |d 2019-11-22 |i 4560345 |o 581.1 AZC 2008 |p 4560345 |r 2025-01-20 |t 11 |w 2019-11-22 |y BK |k AGR | ||
| 952 | |0 0 |1 0 |2 ddc |4 0 |6 581_100000000000000_AZC_2008 |7 0 |8 A |9 420591 |a BIBAGR |b BIBAGR |d 2019-11-22 |i 4560353 |l 2 |o 581.1 AZC 2008 |p 4560353 |r 2025-01-20 |s 2023-05-23 |t 12 |w 2019-11-22 |y BK |k AGR | ||
| 952 | |0 0 |1 0 |2 ddc |4 0 |6 581_100000000000000_AZC_2008 |7 0 |8 A |9 420592 |a BIBAGR |b BIBAGR |d 2019-11-22 |i 4560361 |o 581.1 AZC 2008 |p 4560361 |r 2025-01-20 |t 13 |w 2019-11-22 |y BK |k AGR | ||
| 952 | |0 0 |1 0 |2 ddc |4 0 |6 581_100000000000000_AZC_2008 |7 0 |8 A |9 420593 |a BIBAGR |b BIBAGR |d 2019-11-22 |i 456037K |o 581.1 AZC 2008 |p 456037K |r 2025-01-20 |t 14 |w 2019-11-22 |y BK |k AGR | ||
| 952 | |0 0 |1 0 |2 ddc |3 erb |4 0 |6 581_100000000000000_AZC_2008 |7 0 |8 A |9 420596 |a BIBAGR |b BIBAGR |i 5133734 |o 581.1 AZC 2008 |p 5133734 |r 2025-01-20 |t 16 |w 2019-11-22 |y BK |z Catalogado en:20150109 |k AGR | ||
| 952 | |0 0 |1 0 |2 ddc |3 erb |4 0 |6 581_100000000000000_AZC_2008 |7 0 |8 A |9 420597 |a BIBAGR |b BIBAGR |i 5133742 |o 581.1 AZC 2008 |p 5133742 |r 2024-08-22 |t 17 |w 2019-11-22 |y BK |z Catalogado en:20150109 |k AGR | ||
| 952 | |0 0 |1 0 |2 ddc |3 erb |4 0 |6 581_100000000000000_AZC_2008 |7 0 |8 A |9 420598 |a BIBAGR |b BIBAGR |i 554310K |l 2 |m 1 |o 581.1 AZC 2008 |p 554310K |r 2025-01-20 |s 2023-11-27 |t 18 |w 2019-11-22 |y BK |z Catalogado en:20190412 |k AGR | ||
| 952 | |0 0 |1 0 |2 ddc |3 erb |4 0 |6 581_100000000000000_AZC_2008 |7 0 |8 A |9 420599 |a BIBAGR |b BIBAGR |i 5543096 |l 2 |o 581.1 AZC 2008 |p 5543096 |r 2025-01-20 |s 2024-09-17 |t 19 |w 2019-11-22 |y BK |z Catalogado en:20190412 |k AGR | ||
| 952 | |0 0 |1 0 |2 ddc |3 erb |4 0 |6 581_100000000000000_AZC_2008 |7 0 |8 A |9 420600 |a BIBAGR |b BIBAGR |i 5543088 |l 1 |o 581.1 AZC 2008 |p 5543088 |r 2025-03-20 |s 2025-03-10 |t 20 |w 2019-11-22 |y BK |z Catalogado en:20190412 |k AGR | ||